| 000 | 00515nam a2200217Ia 4500 | ||
|---|---|---|---|
| 003 | OSt | ||
| 005 | 20220924134825.0 | ||
| 006 | a|||||r|||| 00| 0 | ||
| 007 | ta | ||
| 008 | 220923b |||||||| |||| 00| 0 ben d | ||
| 024 | _a287438 | ||
| 037 | _cTextual | ||
| 040 |
_aARTS _cARTS _bben |
||
| 041 |
_2ben _aben |
||
| 082 | _a902, 157H2 | ||
| 100 | _aSen | ||
| 245 | 0 | _aBhartiya sanskriti sabhyata itihaas | |
| 260 | _c1942 | ||
| 942 |
_h902, 157H2 _cTEXL _2CC |
||
| 999 |
_c438754 _d438754 |
||